Métodos numéricos de solución de ecuaciones, diferenciales

Bibliographic Details
Main Author: García Fernández, Nancy
Format: Section = Libro
Language:Undetermined
Spanish
Published: La Habana Instituto Superior Politécnico José Antonio Echeverría [s.f.]
Subjects:
LEADER 00519nam a2200169Ia 4500
008 240829s9999 xx 000 0 und d
040 |a BIBLIOTECA-RUSB/ 511.7 G216 
041 |a spa 
082 |a 511.7 G216 
100 1 |a García Fernández, Nancy 
245 1 0 |a Métodos numéricos de solución de ecuaciones, diferenciales 
260 |a La Habana  |b Instituto Superior Politécnico José Antonio Echeverría  |c [s.f.] 
300 |a 81 p. :il. 
650 7 |a ANALISIS NUMERICO 
942 |c BK  |2 ddc 
991 |a TEXTO 
999 |c 1327